000 02775nam a2200325 a 4500
003 OSt
005 20260210105824.0
007 cr ||||||||c|a
008 230511s2019 mx a|||fom||| 001 0 spa d
040 _erda
100 1 _9186954
_aPérez Correa, Fabián
245 1 0 _aDeterminación de la aptitud del suelo actual y potencial para plantaciones forestales comerciales en Tabasco, México /
_cpor Fabián Pérez Correa; director de tesis David García Cíntora.
264 1 _aChapingo, México :
_bEl autor,
_c2019.
300 _a1 recurso en línea (52 páginas).
_btablas, figuras.
336 _2rdacontent
_atexto
_btxt
337 _2rdamedia
_acomputadora
_bc
338 _2rdacarrier
_arecurso en línea
_bcr
502 _bIF
_cDICIFO
_d2019.
_gLIC
504 _aIncluye referencias bibliográficas: páginas 39-42.
520 _aEl estudio es una contribución a la identificación de áreas aptas para el establecimiento de plantaciones forestales comerciales (PFC) de las especies de Gmelina arbórea, Hevea brasiliensis y Tectona grandis en el sureste de México: el trabajo se realizó en toda la superficie del estado de Tabasco. La identificación de las áreas aptas se realizó considerando los requerimientos ecológicos de cada una de las especies mediante análisis multicriterios, combinando técnicas de análisis de información con el apoyo de herramientas de procesamiento como es el programa llamado MAXENT, además de la incorporación de expertos en plantaciones forestales a través de matrices de comparación en entornos de sistemas de información geográfica (SIG). Los resultados muestran que gran parte de del estado es apto para el establecimiento de las tres especies mencionadas siendo Gmelina arbórea la especie con mayor potencial para su establecimiento y aprovechamiento futuro al tener más del 75% de la superficie apta para su establecimiento. Por otra parte, y con el objetivo establecido, se realizó una proyección para obtener, con base a la superficie por especie, la producción máxima de productos primarios y secundarios por especie, una relación de superficie de la cual las tres especies compartirían espacio por tener las condiciones adecuadas para el establecimiento de dichas especies.
650 4 _9132981
_aSuelos Forestales
_xAnálisis
650 4 _988784
_aPlantación forestal
650 4 _969627
_aMadera
_xSubproductos
650 4 _9186955
_aGmelina arbórea
_xAprovechamiento
650 4 _9186956
_aHevea brasiliensis
_xAprovechamiento
650 4 _9186957
_aTectona grandis
_xAprovechamiento
700 1 _945867
_aGarcía Cíntora, David
_eDirector de tesis.
856 _uhttp://10.13.5.2/tesis/tl/Perez_Correa_Fabian.pdf
_zDESCARGAR PDF
942 _2Clasificación Universidad Autónoma Chapingo
_cTD
999 _c218718
_d218718